Encountering ecophallogocentrism: Kate Soper and the reconstruction of ontology / (Record no. 83945)
[ view plain ]
| 000 -LEADER | |
|---|---|
| fixed length control field | 00800nam a22002777a 4500 |
| 003 - CONTROL NUMBER IDENTIFIER | |
| control field | OSt |
| 005 - DATE AND TIME OF LATEST TRANSACTION | |
| control field | 20241210122436.0 |
| 008 - FIXED-LENGTH DATA ELEMENTS--GENERAL INFORMATION | |
| fixed length control field | 241210b |||||||| |||| 00| 0 eng d |
| 040 ## - CATALOGING SOURCE | |
| Transcribing agency | STCPL |
| 041 ## - LANGUAGE CODE | |
| Language code of text/sound track or separate title | English |
| 082 ## - DEWEY DECIMAL CLASSIFICATION NUMBER | |
| Classification number | 820 |
| Item number | PRI-E |
| 100 ## - MAIN ENTRY--PERSONAL NAME | |
| Personal name | Princy Jacob |
| 110 ## - GUIDE | |
| Theses guided by | Guided by Dr Siby James |
| 111 ## - REARCH CENTRE | |
| University and Center | Dept. of English, St Thomas College Palai, Mahatma Gandhi University, Kottyam |
| 245 ## - TITLE STATEMENT | |
| Title | Encountering ecophallogocentrism: Kate Soper and the reconstruction of ontology / |
| Statement of responsibility, etc. | by Princy Jacob |
| 260 ## - PUBLICATION, DISTRIBUTION, ETC. | |
| Place of publication, distribution, etc. | Pala: |
| Date of publication, distribution, etc. | July 2023 |
| 300 ## - PHYSICAL DESCRIPTION | |
| Extent | 245 p. |
| Other physical details | Hard Back |
| 650 ## - SUBJECT ADDED ENTRY--TOPICAL TERM | |
| Topical term | English language and literature |
| 650 ## - SUBJECT ADDED ENTRY--TOPICAL TERM | |
| Topical term | Philosophy |
| 650 ## - SUBJECT ADDED ENTRY--TOPICAL TERM | |
| Topical term | Ecophallogocentrism |
| 650 ## - SUBJECT ADDED ENTRY--TOPICAL TERM | |
| Topical term | Kate Soper |
| 650 ## - SUBJECT ADDED ENTRY--TOPICAL TERM | |
| Topical term | Ontology |
| 942 ## - ADDED ENTRY ELEMENTS (KOHA) | |
| Koha item type | Theses |
| 942 ## - ADDED ENTRY ELEMENTS (KOHA) | |
| Source of classification or shelving scheme | Dewey Decimal Classification |
| 942 ## - ADDED ENTRY ELEMENTS (KOHA) | |
| Source of classification or shelving scheme | Dewey Decimal Classification |
| Suppress in OPAC | No |
| Withdrawn status | Lost status | Source of classification or shelving scheme | Damaged status | Not for loan | Collection code | Home library | Current library | Shelving location | Date acquired | Total Checkouts | Full call number | Barcode | Date last seen | Price effective from | Koha item type |
|---|---|---|---|---|---|---|---|---|---|---|---|---|---|---|---|
| Dewey Decimal Classification | Reference Book | English | ST. THOMAS COLLEGE LIBRARY, PALAI | ST. THOMAS COLLEGE LIBRARY, PALAI | Theses | 2024-12-10 | 820 PRI-E | T313 | 2024-12-10 | 2024-12-10 | Theses |
